00258nam a2200097Ia 4500008004100000100001300041100000900054245006000063260002200123999001500145170524s9999 xx 000 0 und d aBHOLE- M c2004 0aFINANCIAL INSTINFORMATION TECHNOLOGYUTION AND MARKETING aTATA MC GRAW HILL c2201d2201